01710cam a2200409 a 45000010009000000050017000090080041000260100017000670150015000840200026000990200022001250350023001470400030001700410013002000420014002130500022002270820015002491000033002642400022002972450060003192600070003793000035004494400039004845040067005235460059005906000062006496500043007117000034007548560074007888560088008628560076009508560106010269060045011329420012011779990011011899520100012001340824520200421093817.0031118s2003 enkb b 001 0 eng d a 2003273871 aGBA3-X1939 a0521411068 (hardback) a052142285X (pbk.) a(OCoLC)ocm52287154 aUKMcUKMdOCLCQdC#PdDLC0 aengalat alccopycat00aPA6280b.A31 200300a875.012221 aCicero, Marcus Tullius.959410aPhilippicae.n1-210aPhilippics.nI-II /cCicero ; edited by John T. Ramsey. aCambridge, U.K. ;aNew York :bCambridge University Press,c2003. axxix, 349 p. :bmaps ;c20 cm. 0aCambridge Greek and Latin classics aIncludes bibliographical references (p. xiii-xxiii) and index. aText in Latin; introduction and commentary in English.10aAntonius, Marcus,d83?-30 B.C.vEarly works to 1800.9596 0aSpeeches, addresses, etc., Latin.95971 aRamsey, J. T.q(John T.)9598413Sample textuhttp://www.loc.gov/catdir/samples/cam041/2003273871.html423Publisher descriptionuhttp://www.loc.gov/catdir/description/cam041/2003273871.html413Table of contentsuhttp://www.loc.gov/catdir/toc/cam041/2003273871.html423Contributor biographical informationuhttp://www.loc.gov/catdir/enhancements/fy0732/2003273871-b.html a7bcbcccopycatd2encipf20gy-gencatlg 2ddccBK c31d31 001040708REFaCPLbCPLcGENd2014-09-04p39999000001396r2014-09-04 00:00:00w2014-09-04yBK